000 00248nam a22001097a 4500
082 _a920/SIN
100 _aSingh, Dr.M.K.
_983542
245 _aModi's India
260 _aDelhi
_bSaddle Publishers
_c2022
650 _aBikography
_983543
942 _cBK
999 _c68488
_d68488